LDR 00625naa#a2200169#i#450# 001 EN\\bibl\122766 005 20260630080607.2 011 ## _a3033-7879 100 ## _a20260331b2026####ek#y0engy0150####ca 102 ## _aRU 200 1# _aCORRUPTION IN THE IMPLEMENTATION OF NATIONAL PROJECTS: PROBLEMS OF LEGAL REGULATION AND LAW ENFORCEMENT _eJournal article 210 1# _aVolgograd _cVolgograd Academy of the Ministry of Internal Affairs of Russia _d2026 215 ## _a0 с. 608 ## _aJournal article _2local 675 ## _aПраво. Юридические науки. 34 _z 700 #1 _aMurtazaev _gHamzat Magomedovich 856 4# _ava-mvd.editorum.ru _u